Jakie części ciała powinien golić mężczyzna według kobiety? - Statystyki

Ogólne statystyki
  • Ten quiz został rozwiązany 1 504 razy
  • Średni wynik to 3 z 6
Statystyki odpowiedzi
Odpowiedzi na Pytanie % Poprawnych
Pachy
86%
Plecy
62%
Broda
61%
Brzuch
55%
Klatka Piersiowa
39%
Miejsca Intymne
22%
Nie znaleziono quizów pasujących do podanych kryteriów
Rozkład punktacji
Procent ludzi z każdym wynikiem
Percentyl według liczby udzielonych odpowiedzi
Twoja historia wyników
Nie rozwiązałeś tego quizu